Movies Quiz

Random Movies Quiz

Advanced Movie Trivia Quiz Stats

 Plays Quiz not verified by Sporcle

Challenge
Share
Tweet
Embed
Score 0/50 Timer 10:00
0 Plays Today
Question Answer % Correct
What year was 'Raiders of the Lost Ark' released?1981
70.6%
Robert De Niro worked roughly 450 hours working in preparation for his role in what 1976 Scorsese film?Taxi Driver
67.2%
Two different actors have portrayed James Bond in seven movies. Name either actorSean Connery/Roger Moore
65.5%
In 2010, Michael J. Fox, stated that he still gets recognized for what role?Marty McFly
61.3%
What actor played the titular character in 'Dr. Strangelove or:How I Learned to Stop Worrying and Love the Bomb'?Peter Sellers
60.5%
This 1939 animated film's final budget was over $1.4 Million. Name that FilmSnow White and the Seven Dwarves
58.8%
Who financed the entire 1940's film 'The Great Dictator'?Charlie Chaplin
56.3%
What drama was the first sequel to win Best Picture?The Godfather Part II
52.1%
90% of this 1999 animated sequel was accidentally deleted and was only recovered by a Technical Director who had worked from home during that week?Toy Story 2
52.1%
This 1927 Sci-Fi film was so well received that Adolf Hitler told the director, Fritz Lang, that he could be an honorary Aryan despite his Jewish background.Metropolis
50.4%
'Skyfall' director Sam Mendes started his career with a Best Picture Oscar Win for what movie?American Beauty
47.9%
Stephen Spielberg cast this actor in 'Schindler's List' because of his 'evil sexuality'Ralph Fiennes
47.1%
Out of the 96 minute total run time in the film '12 Angry Men', how many minutes are spent inside the jury room?93
45.4%
What director was rumored to have helped create a fake moon landing using unused footage from one of their other productions?Stanley Kubrick
45.4%
Iron Man was the first film in the Marvel Cinematic Universe. Name the second.The Incredible Hulk
43.7%
What actress wears a wig throughout her performance in the 2001 remake of 'Moulin Rouge!'?Nicole Kidman
43.7%
What 2001 film anime art style film to win an Academy AwardSpirited Away
43.7%
In the 1942 Best Picture winner, 'Casablanca', which character cannot return to America?Rick
41.2%
Which comedy marked Emma Stone's film debut?Superbad
39.5%
This movie, released in 2000, marked the first of over a decade of radical body transformations for actor Christian BaleAmerican Psycho
39.5%
Will Smith turned down the lead role in what 1999 film stating that he 'wasn't mature enough of an actor'?The Matrix
37%
What 1982 film was originally titled, 'A Boy's Life'?E.T. the Extra Terrestrial
37%
After the release of 'Hot Fuzz', how many years did it take for the next Edgar Wright/Simon Pegg collaboration, 'The World's End'?6
34.5%
'Did you know there are more people with genius IQs living in China than there are people of any kind living in the United States?', is the first line of what 2010 film?The Social Network
33.6%
What is the name of the shark in 'Jaws'?Bruce
32.8%
Question Answer % Correct
What is the surtitle of 'Star Trek IV'?The Voyage Home
32.8%
What actor was cast in 'Blade Runner' without meeting the director and, as a prank, arrived to the set wearing pink satin pants and a sweater with a fox on the front?Rutger Hauer
28.6%
What device terrorizes the protagonists in 'Office Space'?Copier
27.7%
This film had an abrupt ending because the creators couldn't afford to film a battle sequence. Name that filmMonty Python and the Holy Grail
26.1%
What production company made the film 'Citizen Kane'?RKO Pictures
26.1%
Who directed 'Mission: Impossible II'John Woo
25.2%
What musical was created during the 2007 Writer's Strike and earned Joss Whedon his first Emmy win?Dr. Horrible's Sing-Along Blog
21%
A Dachsund was used to make the growling sounds of what beast in 'Star Wars: Episode VI - Return of the Jedi'?Rancor
21%
Also the star of the television series, 'Chuck', which actor lent his voice to the character of Flynn Rider in the movie, 'Tangled'?Zachary Levi
18.5%
Only Disney film was nominated for a Best Picture Oscar during Walt Disney's lifetime. Name that film. Mary Poppins
17.6%
How many different colors were required to create Jiminy Cricket in 'Pinocchio'?27
16.8%
What film first used a 'fart joke'?Blazing Saddles
16%
In 2004, what movie set the record for the highest grossing comedy of all-time?Shrek 2
16%
Leonard Nimoy directed '3 Men and a Baby' and turned down the chance to direct what action franchise?Lethal Weapon
14.3%
Larry King's film debut came in what 1984 film?Ghostbusters
14.3%
Robert De Niro turned down the role of John McClain in 'Die Hard' in order to film what movie that opened the same weekend?Midnight Run
12.6%
What UK Band offered the blue lasers that are seen in the egg room of 'Alien'?The Who
12.6%
One sequel has been nominated for an Academy Award when the original was not nominated. Name that movie.Terminator 2
7.6%
Which writer/director rewrote most of the 1992 movie 'Speed' while remianing uncredited?Joss Whedon
5.9%
What film is #1 on Entertainment Weekly's 'Cult Comedies'?This is Spinal Tap
5%
This 1997 film was voted the most scientifically accurate by scientists at NASAGattaca
5%
What is the name of the red jumpsuit wearing, flamethrowing, guitarist in the film 'Mad Max: Fury Road'?Doof Warrior
4.2%
Despite being marketed as a violent action film, only one person dies in this 2008 drama film. Name that film.Gran Torino
2.5%
What was the original title of the 2012 Pixar film, 'Brave'?The Bear and the Bow
2.5%
What is the real first name of the smooth-talking con man Sky Masterson in the 1955 film, 'Guys and Dolls'?Obadiah
0%

You're not logged in!

Compare scores with friends on all Sporcle quizzes.
Join for Free
OR
Log In

You Might Also Like...

Show Comments

Extras

Top Quizzes Today


Score Distribution

Your Account Isn't Verified!

In order to create a playlist on Sporcle, you need to verify the email address you used during registration. Go to your Sporcle Settings to finish the process.

Report this User

Report this user for behavior that violates our Community Guidelines.

Details: